Towards a strategy for high seas marine protected areas

Đã lưu trong:
書目詳細資料
主要作者: Gjerde, Kristina
格式: 圖書
語言:Undetermined
出版: Galand, Switzerland IUCN - The world conservation union 2003
主題:
標簽: 添加標簽
沒有標簽, 成為第一個標記此記錄!
Thư viện lưu trữ: Trung tâm Học liệu Trường Đại học Cần Thơ
LEADER 00601nam a2200193Ia 4500
001 CTU_122480
008 210402s9999 xx 000 0 und d
082 |a 639.342 
082 |b G539 
100 |a Gjerde, Kristina 
245 0 |a Towards a strategy for high seas marine protected areas 
245 0 |c Edited by Kristina Gjerde, Charlotte Breide 
260 |a Galand, Switzerland 
260 |b IUCN - The world conservation union 
260 |c 2003 
650 |a Aquaculture,Thuỷ sản 
650 |x Saltwater fish 
904 |i Hiếu 
980 |a Trung tâm Học liệu Trường Đại học Cần Thơ